banner koha

Importância do eletrorretinograma de campo total (Ful field ERG)em cães da raça Cocker Spaniel Inglês portadores de catarata (Registro n. 224194)

MARC details
000 -LÍDER
campo de controle de tamanho fixo 01014nas a2200313 4500
001 - NÚMERO DE CONTROLE
campo de controle BR2012009044
003 - IDENTIFICADOR DO NÚMERO DE CONTROLE
campo de controle BR-BrBNA
005 - DATA E HORÁRIO DA ÚLTIMA TRANSAÇÃO
campo de controle 20231205121556.0
007 - CAMPO FIXO DE DESCRIÇÃO FÍSICA--INFORMAÇÃO GERAL
campo de controle de tamanho fixo ta
008 - CAMPO DE DADOS FIXOS--INFORMAÇÃO GERAL
campo de controle de tamanho fixo 230509b bl.|||p| |||| 00| 00por d
040 ## - FONTE DA CATALOGAÇÃO
Instituição da catalogação original BR-BrBNA
Idioma da catalogação por
Instituição que transcreveu o registro Biblioteca Nacional de Agricultura
041 ## - CÓDIGO DE IDIOMA
Código do idioma do texto/trilha sonora ou título diferente (Pt)
072 ## - CÓDIGO DE CATEGORIA DE ASSUNTO
Código de Categoria de Assunto L70; L74
100 1# - ENTRADA PRINCIPAL--NOME PESSOAL
Nome pessoal Safatle, A.M.V.
100 1# - ENTRADA PRINCIPAL--NOME PESSOAL
Nome pessoal Hvenegaard, A.P.
100 1# - ENTRADA PRINCIPAL--NOME PESSOAL
Nome pessoal Gomes, D.
100 1# - ENTRADA PRINCIPAL--NOME PESSOAL
Nome pessoal Leandro, D.C.
100 1# - ENTRADA PRINCIPAL--NOME PESSOAL
Nome pessoal Otsuki, D.
100 1# - ENTRADA PRINCIPAL--NOME PESSOAL
Nome pessoal Lisak, R.
245 1# - TÍTULO
Título Importância do eletrorretinograma de campo total (Ful field ERG)em cães da raça Cocker Spaniel Inglês portadores de catarata
246 1# - FORMA VARIANTE DO TÍTULO
Título/título abreviado Full field electroretinogram in English Cocker Spaniels presenting cataracts
650 ## - ASSUNTO--TERMO TÓPICO
Cabeçalho tópico ou nome geográfico CÃO
650 ## - ASSUNTO--TERMO TÓPICO
Cabeçalho tópico ou nome geográfico OLHO
650 ## - ASSUNTO--TERMO TÓPICO
Cabeçalho tópico ou nome geográfico CATARATA
650 ## - ASSUNTO--TERMO TÓPICO
Cabeçalho tópico ou nome geográfico DIAGNÓSTICO
773 0# - ENTRADA ANALÍTICA
Título Pesquisa Veterinária Brasileira (Brazil)
ISSN - International Standard Serial Number ISSN 0100-736X
Partes relacionadas (Feb 2010), v. 30(2) p. 149-154
Número de controle do registro BR2012009044
909 ## -
-- 202311
-- Lúcia
-- 55
-- Lúcia Elande
942 ## - ELEMENTOS DE ENTRADA ADICIONADOS (KOHA)
Fonte da classificação ou esquema de arquivamento na estante Classificação AGRIS
Ocultar no OPAC Não
Tipo de material Koha Analítica
Exemplares
Situação do descarte Fonte da classificação ou esquema de arquivamento na estante Situação física Não pode ser emprestado Biblioteca de origem Biblioteca atual Localização na estante Enumeração do periódico / cronologia Total de empréstimos Data de último acesso Número do exemplar Tipo de material Koha Fonte de aquisição
  Classificação AGRIS   Consulta local Biblioteca Nacional de Agricultura - Binagri Biblioteca Nacional de Agricultura - Binagri   (Feb 2010), v. 30(2) p. 149-154   29/11/2023 01 Periódicos Portaria Interministerial nº 164/94

BINAGRI

Telefone: (61)3218-2567/2388/3357/2097 - binagri@agro.gov.br

Ministério da Agricultura e Pecuária , Esplanada dos Ministérios, Bloco D, Anexo B, Brasília/DF, CEP: 70.043-900